| 000 | 01174nam a22002537a 4500 | ||
|---|---|---|---|
| 005 | 20170124103108.0 | ||
| 010 | _aB-145256 | ||
| 020 |
_c200.00 _a81874493202 |
||
| 035 | _aB-145256 | ||
| 037 | _bCen Lib/Ret | ||
| 040 |
_aDPL _bHN |
||
| 082 |
_a915.4 _bजैनहु |
||
| 100 |
_aजैन, हुकम चन्द _92170 |
||
| 245 |
_aभारतीय ऐतिहासिक स्थल कोश / _cहुकम चन्द जैन |
||
| 246 |
_aBhartiya aitihasik sthal kosh / _bby Hukum Chand Jain |
||
| 260 |
_aजयपुर _bजैन प्रकाशन मन्दिर _c2004 |
||
| 270 |
_bजयपुर _a1024, चपलावत जैन मेन्शन, चौड़ा रास्ता _e302003 |
||
| 300 |
_a340पृ. _c21सेमी (सजिल्द) _eमानचित्र |
||
| 650 |
_aऐतिहासिक स्थल--भारत _978791 |
||
| 650 |
_aभारतीय ऐतिहासिक स्थल कोश _978792 |
||
| 650 |
_aHistoric places --India _978793 |
||
| 650 |
_aIndian historical places Thesaurus _978794 |
||
| 942 |
_2ddc _cHN _h915.4 _mजैनहु |
||
| 999 |
_c118195 _d118195 |
||